[Event "ISR-ch op"]
[Site "Acre"]
[Date "2024.01.27"]
[Round "7"]
[White "Kharouba, Wasim"]
[Black "Kochavi, Dana"]
[Result "0-1"]
[WhiteElo "1543"]
[BlackElo "2121"]
[PlyCount "68"]
[EventDate "2024.01.21"]
[EventType "swiss"]
[EventRounds "9"]
[EventCountry "ISR"]
[SourceTitle "CBM 218 Extra"]
[Source "ChessBase"]
[SourceDate "2024.03.31"]
[SourceVersion "1"]
[SourceVersionDate "2024.03.31"]
[SourceQuality "1"]

1. e4 c5 2. Nf3 e6 3. d4 cxd4 4. Nxd4 Nc6 5. Nc3 Qc7 6. Be3 a6 7. Qf3 Nf6 8. 0-0-0 Nxd4 9. Bxd4 e5 10. Qg3 d6 11. Be3 Be6 12. Nd5 Bxd5 13. exd5 Rc8 14. c4 b5 15. Kb1 bxc4 16. Rc1 Qb7 17. Bxc4 Be7 18. Qxg7 Rg8 19. Qh6 Rg4 20. Bb3 Rb8 21. Qh3 a5 22. f3 Rg6 23. Rc2 Kf8 24. Rhc1 Kg7 25. Rc7 Qb5 26. Rxe7 a4 27. Qe6 axb3 28. Rxf7+ Kh8 29. Rc8+ Rxc8 30. Qxc8+ Rg8 31. Qf5 bxa2+ 32. Kxa2 Qxd5+ 33. b3 Qxf7 34. Bg5 Rg6 0-1

[Event "ISR-ch op"]
[Site "Acre"]
[Date "2024.01.26"]
[Round "6"]
[White "Eliagov, Kafar"]
[Black "Kharouba, Wasim"]
[Result "1-0"]
[WhiteElo "2291"]
[BlackElo "1543"]
[PlyCount "119"]
[EventDate "2024.01.21"]
[EventType "swiss"]
[EventRounds "9"]
[EventCountry "ISR"]
[SourceTitle "CBM 218 Extra"]
[Source "ChessBase"]
[SourceDate "2024.03.31"]
[SourceVersion "1"]
[SourceVersionDate "2024.03.31"]
[SourceQuality "1"]

1. d4 Nf6 2. Bf4 e6 3. e3 d5 4. Nf3 Nbd7 5. Nbd2 c5 6. c3 a6 7. Bd3 b5 8. 0-0 Nh5 9. Bg5 Be7 10. Bxe7 Qxe7 11. a4 c4 12. Bc2 b4 13. Ne5 Nxe5 14. Qxh5 Nd7 15. e4 Bb7 16. exd5 Bxd5 17. Rfe1 b3 18. Bd1 Nf6 19. Qe2 Qc7 20. a5 h5 21. Qe5 Qc6 22. f3 h4 23. Ne4 0-0-0 24. Nxf6 gxf6 25. Qxf6 Rdg8 26. Re5 Rh7 27. Rg5 Qe8 28. Be2 h3 29. g3 Rxg5 30. Qxg5 f5 31. Kf2 Qd7 32. Qg8+ Kb7 33. Qf8 Re7 34. Re1 Qc7 35. Bf1 Rh7 36. Re5 Qxa5 37. Bxc4 Qa1 38. Bxd5+ exd5 39. Qb4+ Ka7 40. Qc5+ Kb7 41. Qxd5+ Ka7 42. Qc5+ Kb7 43. Re7+ Rxe7 44. Qxe7+ Kb6 45. Qe6+ Ka7 46. Qf7+ Ka8 47. Qxb3 Qh1 48. Qg8+ Ka7 49. Qh7+ Kb6 50. Qh6+ Ka5 51. Qxh3 Qb1 52. Qh7 Qxb2+ 53. Kg1 Qc1+ 54. Kg2 Qc2+ 55. Kh3 Qxc3 56. Qxf5+ Kb4 57. Qf8+ Kb3 58. d5 Qd3 59. d6 a5 60. Qf7+ 1-0

[Event "ISR-ch op"]
[Site "Acre"]
[Date "2024.01.25"]
[Round "5"]
[White "Kharouba, Wasim"]
[Black "Gavriely, Or"]
[Result "1/2-1/2"]
[WhiteElo "1543"]
[BlackElo "2106"]
[PlyCount "130"]
[EventDate "2024.01.21"]
[EventType "swiss"]
[EventRounds "9"]
[EventCountry "ISR"]
[SourceTitle "CBM 218 Extra"]
[Source "ChessBase"]
[SourceDate "2024.03.31"]
[SourceVersion "1"]
[SourceVersionDate "2024.03.31"]
[SourceQuality "1"]

1. e4 c6 2. d3 d5 3. Nd2 e5 4. Ngf3 Bd6 5. d4 exd4 6. Bd3 dxe4 7. Nxe4 Be6 8. 0-0 h6 9. b3 Nf6 10. Bb2 c5 11. c3 Nc6 12. cxd4 cxd4 13. Nxd4 Nxd4 14. Nxd6+ Qxd6 15. Bxd4 Rd8 16. Bxf6 gxf6 17. Bb5+ Ke7 18. Qe2 Qe5 19. Qxe5 fxe5 20. Rfe1 Rd5 21. Bc4 Rc5 22. Bxe6 Kxe6 23. Re2 Rd8 24. Rae1 Rd4 25. g3 h5 26. Kf1 f5 27. f3 a5 28. Kf2 b5 29. Kg2 Kf6 30. Kf2 Rd3 31. Re3 Rd4 32. R3e2 Ke6 33. Kg2 Rb4 34. Rd2 Rd5 35. Rc2 a4 36. Re3 Rbd4 37. Kf2 Rd2+ 38. Rxd2 Rxd2+ 39. Re2 Rd3 40. Re3 Rd4 41. Ke2 Kd5 42. Rc3 Rb4 43. Kd3 h4 44. Ke3 hxg3 45. hxg3 e4 46. g4 fxg4 47. fxg4 Rd4 48. bxa4 Rxa4 49. Rb3 b4 50. g5 Ke5 51. g6 Rxa2 52. g7 Rg2 53. Rxb4 Rg3+ 54. Ke2 Rxg7 55. Rb8 Rf7 56. Ke3 Rf3+ 57. Ke2 Ra3 58. Re8+ Kf5 59. Rf8+ Ke6 60. Re8+ Kd5 61. Rd8+ Kc5 62. Re8 Kd4 63. Rd8+ Ke5 64. Re8+ Kf4 65. Rf8+ Ke5 1/2-1/2